Cuentos de La Pampa / (Record no. 115321)
[ view plain ]
| 000 -LEADER | |
|---|---|
| campo de control de longitud fija | 00727nam a2200229 i 4500 |
| 001 - NÚMERO DE CONTROL | |
| campo de control | 115321 |
| 003 - IDENTIFICADOR DE NÚMERO DE CONTROL | |
| campo de control | ES-MaACL |
| 005 - FECHA Y HORA DE LA ÚLTIMA TRANSACCIÓN | |
| campo de control | 20250930063116.0 |
| 007 - CAMPO FIJO DE DESCRIPCIÓN FÍSICA--INFORMACIÓN GENERAL | |
| campo de control de longitud fija | t| |
| 008 - DATOS DE LONGITUD FIJA--INFORMACIÓN GENERAL | |
| campo de control de longitud fija | 070305q1904 sp ||||1| spa d |
| 080 ## - NÚMERO DE LA CLASIFICACIÓN DECIMAL UNIVERSAL | |
| Número de la Clasificación Decimal Universal | 821.134.2(82)-32"19" |
| 100 1# - ENTRADA PRINCIPAL--NOMBRE DE PERSONA | |
| Nombre de persona | Ugarte, Manuel, |
| Fechas asociadas al nombre | 1874-1951 |
| 9 (RLIN) | 111892 |
| 245 10 - MENCIÓN DEL TÍTULO | |
| Título | Cuentos de La Pampa / |
| Mención de responsabilidad, etc. | Manuel Ugarte ; ilustraciones de Valera. |
| 260 ## - PUBLICACIÓN, DISTRIBUCIÓN, ETC. | |
| Lugar de publicación, distribución, etc. | Madrid : |
| Nombre del editor, distribuidor, etc. | B. Rodríguez Serra, |
| Fecha de publicación, distribución, etc. | [ca. 1904] |
| 300 ## - DESCRIPCIÓN FÍSICA | |
| Extensión | 85 p. : |
| Otras características físicas | il. ; |
| Dimensiones | 13 cm. |
| 490 1# - MENCIÓN DE SERIE | |
| Mención de serie | Biblioteca Mignon ; |
| Designación de volumen o secuencia | 31 |
| 599 ## - NOTA A LAS ILUSTRACIONES | |
| NOTA A LAS ILUSTRACIONES | Retr. del autor. |
| 700 1# - ENTRADA AGREGADA--NOMBRE PERSONAL | |
| Nombre de persona | Coullaut Valera, Lorenzo ( |
| Fechas asociadas al nombre | 1876-1932) |
| 9 (RLIN) | 172578 |
| 830 1# - PUNTO DE ACCESO ADICIONAL DE SERIE-TÍTULO UNIFORME | |
| Título uniforme | Biblioteca Mignon ; |
| Designación de volumen o secuencia | 31 |
| 9 (RLIN) | 186216 |
| 852 ## - LOCALIZACIÓN | |
| Ubicación | ES-MaACL |
| Número de control de estantería | F-1205(1) |
| Estatus retirado | Estado de pérdida | Estado de daño | No para préstamo | Biblioteca de origen | Biblioteca actual | Ubicación en estantería | Fecha de adquisición | Fuente de adquisición | Total de préstamos | Signatura topográfica completa | Código de barras | Visto por última vez | Precio de reemplazo | Tipo de ítem Koha |
|---|---|---|---|---|---|---|---|---|---|---|---|---|---|---|
| Biblioteca del Ateneo de Madrid | Biblioteca del Ateneo de Madrid | Depósito 2 | 17/01/2008 | F-1205(1) | 1120246 | 23/02/2023 | 23/02/2023 | Libro impreso |
